| 000 | 00958nam a22002417a 4500 | ||
|---|---|---|---|
| 005 | 20240530110553.0 | ||
| 008 | 160218s2013 ua g b 000 0 ara d | ||
| 017 |
_a2012/22759 _bمصر . دار الكتب المصرية |
||
| 020 | _a9789773504961 | ||
| 040 | _aEG-CaGPL | ||
| 082 | 0 | 4 |
_221 _a371.9\ _bع أ |
| 100 | 0 | _aعلاء محمود جاد الشعراوى | |
| 245 | 1 | 0 |
_aاساليب تشخيص صعوبات التعلم و اهميتها فى اختيار بروتوكولات العلاج / _cعلاء محمود جاد الشعراوى |
| 250 | _aط1 | ||
| 260 |
_aالقاهرة : _bدار الكتاب الحديث ، _c2013 . |
||
| 300 |
_a466 ص ؛ _c24 سم + _eجداول . |
||
| 504 | _aيشتمل على ارجاعات ببليوجرافية | ||
| 650 | 0 | 4 | _aعلم النفس التربوى |
| 650 | 0 | 4 | _aالتعلم |
| 650 | 0 | 4 | _aصعوبات التعلم |
| 942 |
_2ddc _cBK |
||
| 999 |
_c62492 _d62492 |
||